[Event "HUN Team League Csongrad Region 2018-19 "]
[Site "Csongrád County"]
[Date "2019.02.03"]
[Round "6.5"]
[White "Udvardi, Zalan"]
[Black "Retkes, Sandor"]
[Result "1-0"]
[WhiteElo "2143"]
[BlackElo "1950"]
[PlyCount "49"]
[EventDate "2018.09.30"]
[WhiteTeam "Szentesi Sakk SE II."]
[BlackTeam "Röszkei SK"]

1. e4 g6 2. d4 Bg7 3. Nc3 d6 4. Be2 a6 5. a4 b6 6. h4 Bb7 7. h5 c5 8. d5 Nd7 9.
Nh3 h6 10. hxg6 fxg6 11. Nf4 Nf8 12. Nxg6 Nxg6 13. Bh5 Kd7 14. Bxg6 Qf8 15. Ne2
Kc7 16. Nf4 Bc8 17. Qd3 Be5 18. Bf5 Bxf5 19. exf5 Bxf4 20. Bxf4 Qg7 21. O-O-O
Qxg2 22. Bg3 Nf6 23. Rde1 Kd7 24. c4 Rae8 25. Rh2 1-0

[Event "HUN Team League Csongrad Region 2018-19 "]
[Site "Csongrád County"]
[Date "2019.02.03"]
[Round "6.5"]
[White "Nagy Dani, Karoly"]
[Black "Hajdu, Istvan"]
[Result "1-0"]
[WhiteElo "1802"]
[BlackElo "1851"]
[PlyCount "123"]
[EventDate "2018.09.30"]
[WhiteTeam "Röszkei SK"]
[BlackTeam "Szentesi Sakk SE II."]

1. Nf3 c5 2. c4 Nc6 3. Nc3 g6 4. e3 Nf6 5. g3 Bg7 6. Bg2 O-O 7. O-O d6 8. d3 e5
9. Ng5 Nh5 10. Nge4 f5 11. Nd2 Be6 12. a3 Qd7 13. Rb1 a5 14. Nd5 Qf7 15. Nf3 h6
16. b4 axb4 17. axb4 cxb4 18. Nxb4 e4 19. dxe4 Bxc4 20. exf5 Bxf1 21. Qxf1 Qxf5
22. Bb2 Bxb2 23. Rxb2 d5 24. Nh4 Qf6 25. Bxd5+ Kg7 26. Qe2 Ra5 27. Be4 Ne7 28.
Nd3 b6 29. Rc2 Qa1+ 30. Kg2 Nf6 31. Bb7 g5 32. Nf3 Rb5 33. Rc7 Rf7 34. Nd4 Rb1
35. Rxe7 Rg1+ 36. Kh3 g4+ 37. Kh4 Rxe7 38. Nf5+ Kf8 39. Nxe7 Kxe7 40. Nf4 Qa5
41. Nd5+ Nxd5 42. Qxg4 Nf6 43. Qg7+ Ke6 44. Bc8+ Ke5 45. Qe7+ Kd5 46. Be6+ Kc6
47. Qxf6 Qg5+ 48. Qxg5 hxg5+ 49. Kxg5 Rg2 50. h4 Rxf2 51. e4 Kd6 52. Bd5 b5 53.
h5 b4 54. h6 Rh2 55. g4 Ke5 56. Kg6 Kf4 57. g5 Rg2 58. h7 Rxg5+ 59. Kh6 Rg3 60.
Be6 Rg1 61. Bf7 Rg2 62. h8=Q 1-0

[Event "HUN Team League Csongrad Region 2018-19 "]
[Site "Csongrád County"]
[Date "2019.02.03"]
[Round "6.5"]
[White "Nagy, Jozsef"]
[Black "Ver, Imre"]
[Result "1/2-1/2"]
[WhiteElo "1938"]
[BlackElo "1700"]
[PlyCount "163"]
[EventDate "2018.09.30"]
[WhiteTeam "Szentesi Sakk SE II."]
[BlackTeam "Röszkei SK"]

1. d4 d5 2. Nf3 e6 3. g3 Nf6 4. Bg2 c6 5. Nbd2 Be7 6. O-O O-O 7. b3 Nbd7 8. Bb2
b6 9. Re1 Bb7 10. c4 Rb8 11. Qc2 Re8 12. Rac1 Nf8 13. Ne5 N6d7 14. e4 f6 15.
Nxd7 Qxd7 16. Bh3 Qd8 17. c5 b5 18. exd5 exd5 19. Re2 Bc8 20. Bxc8 Qxc8 21.
Rce1 Qd7 22. b4 Ng6 23. Nb3 Bf8 24. Na5 Re7 25. Bc1 Rbe8 26. Be3 Re4 27. f3
R4e7 28. Bf2 Rxe2 29. Rxe2 Rxe2 30. Qxe2 Be7 31. h4 Bd8 32. Nb3 Bc7 33. h5 Nf8
34. Kg2 Kf7 35. g4 Ne6 36. Bg3 Bxg3 37. Kxg3 Qc7+ 38. Kf2 Qf4 39. Qd2 Qh2+ 40.
Ke3 Qf4+ 41. Ke2 Qg3 42. Qe3 Qh2+ 43. Qf2 Nf4+ 44. Ke3 Qxf2+ 45. Kxf2 Nd3+ 46.
Ke2 Nxb4 47. Na5 Nxa2 48. Nxc6 Ke6 49. Nxa7 b4 50. Kd2 b3 51. Nb5 Kd7 52. Nc3
Kc6 53. Nb1 Kb5 54. Kd3 Nb4+ 55. Kc3 Nc6 56. f4 h6 57. Nd2 b2 58. Nb1 Ka4 59.
Kxb2 Nxd4 60. Nc3+ Kb4 61. c6 Nxc6 62. Nxd5+ Kc5 63. Ne3 Ne7 64. Kc3 Kd6 65.
Kd4 Ke6 66. Ke4 Kf7 67. f5 Nc6 68. Nc4 Ke7 69. Kd5 Nb4+ 70. Kd4 Nc6+ 71. Ke4
Nd8 72. Ne3 Nf7 73. Nd5+ Kd6 74. Nf4 Ng5+ 75. Kd4 Ke7 76. Kd5 Kf7 77. Kc6 Nf3
78. Kd5 Ne5 79. Ne6 Nxg4 80. Ke4 Ne5 81. Nf4 Nc6 82. Ne6 1/2-1/2

[Event "HUN Team League Csongrad Region 2018-19 "]
[Site "Csongrád County"]
[Date "2019.02.03"]
[Round "6.5"]
[White "Bartos, Ferenc"]
[Black "Balatoni, Gyorgy"]
[Result "1-0"]
[WhiteElo "1733"]
[BlackElo "1703"]
[PlyCount "91"]
[EventDate "2018.09.30"]
[WhiteTeam "Röszkei SK"]
[BlackTeam "Szentesi Sakk SE II."]

1. e4 c6 2. Nc3 d5 3. d4 dxe4 4. Nxe4 Nd7 5. Nf3 Ngf6 6. Bd3 Nxe4 7. Bxe4 Nf6
8. Bd3 Bg4 9. c3 Bxf3 10. Qxf3 g6 11. Bf4 Bg7 12. Be5 O-O 13. Bc4 e6 14. g4 Nd5
15. Bxg7 Kxg7 16. h4 f5 17. g5 Qd6 18. Kd2 b5 19. Bb3 Qf4+ 20. Qxf4 Nxf4 21.
Rae1 Kf7 22. Re5 Rad8 23. h5 Rh8 24. Rc5 Rd6 25. hxg6+ Kxg6 26. Ke3 Nh5 27. Bd1
Ng7 28. f4 h6 29. gxh6 Rxh6 30. Rxh6+ Kxh6 31. Bf3 Ne8 32. Bxc6 Nc7 33. Bxb5
Nd5+ 34. Kf3 Nf6 35. Rc6 Rxc6 36. Bxc6 Kg6 37. b4 Kf7 38. a4 Ke7 39. c4 Kd6 40.
b5 a5 41. Bb7 Kc7 42. Ba6 Nd7 43. c5 Nb8 44. b6+ Kc6 45. Bc4 Kd7 46. Bb5+ 1-0

[Event "HUN Team League Csongrad Region 2018-19 "]
[Site "Csongrád County"]
[Date "2019.02.03"]
[Round "6.5"]
[White "Kozak, Janos"]
[Black "Sipos, Kalman"]
[Result "0-1"]
[WhiteElo "1508"]
[BlackElo "1681"]
[PlyCount "108"]
[EventDate "2018.09.30"]
[WhiteTeam "Szentesi Sakk SE II."]
[BlackTeam "Röszkei SK"]

1. c4 g6 2. Nc3 Nf6 3. d4 d5 4. Nf3 Bg7 5. g3 O-O 6. cxd5 Nxd5 7. Nxd5 Qxd5 8.
Bg2 Rd8 9. e3 c5 10. O-O cxd4 11. Nxd4 Qd6 12. Qb3 Bxd4 13. exd4 Nc6 14. Be3 b6
15. Rfd1 Bb7 16. Rac1 Rac8 17. a3 Na5 18. Qd3 Bxg2 19. Kxg2 Qd5+ 20. f3 Nc4 21.
b4 Nb2 22. Qe4 Nxd1 23. Rxd1 Qxe4 24. fxe4 Kg7 25. Rd3 Rc2+ 26. Bd2 Rdc8 27.
Kf3 R8c6 28. h4 Rf6+ 29. Ke3 h5 30. d5 Rf1 31. Ke2 Rh1 32. Ke3 Rg1 33. Kf2 Rh1
34. Ke3 Kf8 35. e5 Ke8 36. Ke4 Ra1 37. d6 Rxd2 38. d7+ Kd8 39. Rxd2 Rxa3 40.
Kf4 Rc3 41. Rd4 Rc7 42. e6 fxe6 43. Kg5 e5 44. Rd5 Rxd7 45. Rxe5 Rd6 46. b5 Ke8
47. g4 hxg4 48. Kxg4 Kf7 49. Kg5 e6 50. h5 gxh5 51. Kxh5 Rd5 52. Rxd5 exd5 53.
Kg5 Ke6 54. Kf4 Kd6 0-1

[Event "HUN Team League Csongrad Region 2018-19 "]
[Site "Csongrád County"]
[Date "2019.02.03"]
[Round "6.5"]
[White "Abraham, Lajos"]
[Black "Bullas, Gabor"]
[Result "1-0"]
[WhiteElo "1651"]
[BlackElo "1059"]
[PlyCount "61"]
[EventDate "2018.09.30"]
[WhiteTeam "Röszkei SK"]
[BlackTeam "Szentesi Sakk SE II."]

1. c4 c5 2. Nc3 Nc6 3. Nf3 g6 4. d4 cxd4 5. Nxd4 Bg7 6. e3 Nf6 7. Be2 O-O 8.
O-O h5 9. Bf3 Nxd4 10. exd4 Re8 11. Bf4 d6 12. Qb3 Rb8 13. Rad1 b6 14. c5 Bb7
15. c6 Bc8 16. Nb5 Bg4 17. Bxg4 Nxg4 18. c7 Qd7 19. cxb8=Q Rxb8 20. h3 Nf6 21.
Rc1 Qf5 22. Be3 a5 23. a4 Qe4 24. Qc2 Qxc2 25. Rxc2 Nd5 26. Rfc1 f5 27. Nc7
Nxc7 28. Rxc7 e5 29. Rc8+ Rxc8 30. Rxc8+ Kf7 31. Rc7+ 1-0

[Event "HUN Team League Csongrad Region 2018-19 "]
[Site "Csongrád County"]
[Date "2019.02.03"]
[Round "6.5"]
[White "Kelecsenyi, Miklos"]
[Black "Varga, Laszlo"]
[Result "1-0"]
[WhiteElo "1424"]
[BlackElo "1684"]
[PlyCount "75"]
[EventDate "2018.09.30"]
[WhiteTeam "Szentesi Sakk SE II."]
[BlackTeam "Röszkei SK"]

1. e4 e5 2. Nf3 Nc6 3. Bc4 Nf6 4. d3 d5 5. exd5 Nxd5 6. Bd2 Be7 7. Nc3 Nf6 8.
Qe2 Bd6 9. Bg5 O-O 10. Nd5 Be6 11. Nxf6+ gxf6 12. Bxe6 fxg5 13. Bb3 Nd4 14. Qe3
Nxb3 15. axb3 f6 16. Rxa7 b6 17. Rxa8 Qxa8 18. O-O Qe8 19. Nd2 Bc5 20. Qe4 Qd7
21. b4 Bd6 22. c3 Kg7 23. Nc4 f5 24. Qd5 Rf6 25. Nxe5 Qd8 26. d4 c6 27. Qc4 Qc7
28. Re1 b5 29. Qd3 Qb7 30. g3 Qc8 31. Qd2 f4 32. Qe2 Bxe5 33. Qxe5 h6 34. Qe7+
Rf7 35. Qe6 Qb7 36. Qd6 f3 37. Re6 Qa7 38. Rg6+ 1-0